Regulación y control en biología /

Salvato in:
Dettagli Bibliografici
Autore principale: Russek, Mauricio (autor)
Altri autori: Cabanac, Michel
Natura: Libro
Lingua:spagnolo
Pubblicazione: México : Instituto Politécnico Nacional, 1990, c1990
Serie:(Premios Nacionales en Ciencias)
Soggetti:
Tags: Aggiungi Tag
Nessun Tag, puoi essere il primo ad aggiungerne!!

MARC

LEADER 00000nam^a2200000^a^4500
001 000062658
005 20250521000000.0
009 20260310090958.979
020 |a 968-29-2673-4 
037 |a Acervo ITESO - Biblioteca 
041 |a ESP 
082 |a 574. 188  |b RUS 
100 |a Russek, Mauricio  |e (autor) 
245 1 0 |a Regulación y control en biología /  |c M. Russek, M. Cabanac. 
264 4 |a México :  |b Instituto Politécnico Nacional,  |c 1990, c1990 
300 |a 148 p. 
336 |a texto  |b txt  |2 rdacontenido 
337 |a sin mediación  |b n  |2 rdamedio 
338 |a volumen  |b nc  |2 rdasoporte 
440 1 |a (Premios Nacionales en Ciencias) 
649 |a XX 
650 |a Homeostasis 
650 |a Metabolismo 
650 |a Fisiología 
650 |a Biología 
700 |a Cabanac, Michel 
910 |a Fondo General 
920 |a Impresos - Libros 
930 |a Colección General 
905 |a 101 
901 |a 0500015323  |b IT1  |c ACC  |u 20250521 
902 |a https://opac.biblio.iteso.mx/vufind/Record/000062658